000
00357nam a2200157Ia 4500
008
240624s9999 xx 000 0 und d
041
_a
eng
082
_a
336.24 TAX
100
_a
TAXMANN
245
_a
INCOME TAX RULES
250
_a
(54th ed.)
260
_c
2017
_a
New Delhi
_b
Taxmann's
300
_a
i-36 p.; 1248 p.
365
_c
RS
_b
30
440
_v
1
999
_c
29310
_d
29310